Amor aquemarropa / (Registro nro. 14552)

Detalles MARC
000 -LEADER
fixed length control field 00824nam a2200253 a 4500
001 - CONTROL NUMBER
control field 000009784
003 - CONTROL NUMBER IDENTIFIER
control field DO-SdBNP
005 - DATE AND TIME OF LATEST TRANSACTION
control field 20240201120003.0
008 - FIXED-LENGTH DATA ELEMENTS--GENERAL INFORMATION
fixed length control field 091001s1984 dr a r 000 p spa d
040 ## - CATALOGING SOURCE
Original cataloging agency DO-SdBNP
Language of cataloging spa
Transcribing agency BPMSU
082 ## - DEWEY DECIMAL CLASSIFICATION NUMBER
Classification number RD861.44
Item number C355a, 1984
Edition number 22
100 1# - MAIN ENTRY--PERSONAL NAME
Personal name Castro, Tomás,
Dates associated with a name 1959-
245 10 - TITLE STATEMENT
Title Amor aquemarropa /
Statement of responsibility, etc. Tomás Castro.
246 14 - VARYING FORM OF TITLE
Title proper/short title Amor a quema rropa
260 ## - PUBLICATION, DISTRIBUTION, ETC. (IMPRINT)
Place of publication, distribution, etc. Santo Domingo :
Name of publisher, distributor, etc. Editorial Gente,
Date of publication, distribution, etc. 1984
300 ## - PHYSICAL DESCRIPTION
Extent 67 p. ;
Dimensions 18 cm.
500 ## - GENERAL NOTE
General note Incluye datos biográficos del autor en la solapa de la cubierta.
563 ## - BINDING INFORMATION
Binding note Dos obras con paginación independiente en encuadernación invertida.
590 ## - LOCAL NOTE (RLIN)
Local note Inventariado, 2024/VM
650 #4 - SUBJECT ADDED ENTRY--TOPICAL TERM
Topical term or geographic name as entry element Poesía dominicana
650 #4 - SUBJECT ADDED ENTRY--TOPICAL TERM
Topical term or geographic name as entry element Literatura dominicana.
910 ## - USER-OPTION DATA (OCLC)
User-option data VMateo V. Control de calidad.BPMSU
942 ## - ADDED ENTRY ELEMENTS (KOHA)
Source of classification or shelving scheme Dewey Decimal Classification
Koha item type Libros
Existencias
Withdrawn status Lost status Source of classification or shelving scheme Damaged status Not for loan Collection code Home library Current library Date acquired Total Checkouts Full call number Barcode Date last seen Price effective from Koha item type
    Dewey Decimal Classification     Colección Dominicana Biblioteca Pública Metropolitana Salomé Ureña Biblioteca Pública Metropolitana Salomé Ureña 02/01/2024   BPMSU CD RD861.44 C355a 1984 BPMSU24020004 02/01/2024 02/01/2024 Libros